000 00989cab a2200265 4500
001 ABS43643
008 090401t1990 xxu||||| |||| 00| 0 eng d
035 _a(Sirsi) u42726
041 _aeng
100 _aDamesick, P.J.
245 _aBusiness parks: ingredients for successful development
260 _c1990
350 _a0
490 _aProperty Management
_v8 (4) Autumn 1990, 308-313 (6)
520 _aAccessibility car parking quality of environment competitive prices packages on-site services efficiency and flexibility of accommodation, expansion capability and design and build are the main concepts discussed in this article on business park development .
650 _aB1
650 _aLOCATION
650 _aOCCUPIERS REQUIREMENTS
650 _aPLANNING
650 _aSUCCESS FACTORS
650 _aTOWN AND COUNTRY PLANNING (USE CLASSES) ORDER 1987
690 _aPROPERTY-COMMERCIAL PROPERTY-COMMERCIAL PROPERTY MARKET
942 _n0
948 _c04/03/1997
999 _c27339
_d27339